| 000 | 01198cad a22001935a 4500 | ||
|---|---|---|---|
| 001 | L150569 | ||
| 008 | 100729e2010 xxk 000 0 eng d | ||
| 035 | _a(Sirsi) u150569 | ||
| 041 | 0 | _aeng | |
| 110 | 2 | _aEnergy Efficiency Action Plan Taskforce of the Construction Sector | |
| 245 | 0 | 4 |
_aThe fundamental importance of buildings in future EU energy saving policies _ba paper prepared by a taskforce of actors and stakeholders from the European construction sector _h[electronic resource] |
| 260 |
_a[S.l.] _bE2APT _c2010 |
||
| 520 | _aEmphasises the importance of Europe leading the way to a sustainable, smart and inclusive future by example, showing that the European way of life does not have to be unsustainably energy intensive; need to set binding targets; energy efficiency in buildings; deep energy renovation of buildings; RICS is one of the organisations involved and/or consulted under this E2APT Initiative. | ||
| 590 | _aKA | ||
| 651 | 4 | _aEurope | |
| 690 | _aENVIRONMENTAL AND LAND CONSULTANCY-ENERGY-ENERGY USE-ENERGY EFFICIENCY | ||
| 856 | 4 | 0 |
_uhttps://www.rics.org/site/download_feed.aspx?fileID=6990&fileExtension=PDF _zView the item free of charge at www.rics.org |
| 942 | _n0 | ||
| 999 |
_c82561 _d82561 |
||